000 00471nam a2200169Ia 4500
005 20240906050929.0
008 240331s9999 xx 000 0 und d
020 _a
082 _bPAR
_a677
100 _aPararajasingham, E
245 0 _aTextile history of Sri Lanka :
_bfrom ancient times to new millennium
260 _aColombo
_bParanan Associate private Limited
_c2006
300 _a264 p .,
650 _a Textile Industry
650 _aHistory
942 _cL
999 _c3055
_d3055